000 00221nam a2200097Ia 4500
008 120527s9999 xx 000 0 und d
100 _aNew International publ.
245 _bThe world guide.
260 _bHudson
942 _cBK
999 _c9254
_d9254